000 00409nam a2200157Ia 4500
003 Ost
005 20260225132544.0
008 260225s9999||||xx |||||||||||||| ||und||
040 _cfsic
041 _afre
082 _a440
100 _aUnion des juristes Palestiniens
_eAuteur
245 0 _aLivre blanc sur l'agression isralienne au Liban /
245 0 _cUnion des juristes Palestiniens
942 _cكتاب
999 _c33680
_d33680